[Event "Metz op 30th"]
[Site "Metz"]
[Date "2012.04.18"]
[Round "7"]
[White "Malakhatko, Vadim"]
[Black "Aguettaz, Maxime"]
[Result "1-0"]
[WhiteElo "2532"]
[BlackElo "2437"]
[Annotator "Metz Alekhine/Primel,D"]
[PlyCount "43"]
[EventDate "2012.04.14"]
[EventType "swiss"]
[EventRounds "9"]
[EventCountry "FRA"]
[SourceTitle "EXT 2013"]
[Source "ChessBase"]
[SourceDate "2012.11.22"]
[SourceVersion "1"]
[SourceVersionDate "2012.11.22"]
[SourceQuality "1"]

1. d4 Nf6 2. c4 e6 3. Nc3 Bb4 4. Nf3 b6 5. Bg5 Bb7 6. Nd2 $5 (6. e3 {La grande
ligne}) 6... h6 7. Bh4 Nc6 8. a3 (8. e3 g5 9. Bg3 Ne7 10. Qc2 Nf5 11. Be5 Bxc3
12. Qxc3 d6 13. Bg3 Qe7 14. f3 Nxg3 15. hxg3 c5 16. O-O-O O-O-O 17. Bd3 h5 18.
Bc2 h4 19. g4 Rhg8 20. a3 cxd4 21. exd4 Kb8 22. Kb1 Rc8 23. Qb4 Qc7 24. Rc1 d5
25. Bb3 dxc4 26. Nxc4 Nd5 27. Qd2 Qf4 28. Qf2 Nf6 29. Qe1 Bd5 30. Qb4 Qxd4 31.
Qd6+ Ka8 32. Qe7 Qd3+ 33. Ka2 Rxc4 34. Bxc4 Bxc4+ 35. Ka1 Nd5 36. Qxf7 Rc8 37.
Qxe6 Kb7 {Sasikiran,K (2707)-Kamsky,G (2744) Amsterdam 2012 0-1}) 8... Bxc3 9.
bxc3 Qe7 10. e3 d6 $146 (10... g5 11. Bg3 d6 12. h4 O-O-O 13. Be2 Nd7 14. Nb3
f5 15. Qc2 Rhf8 16. f3 e5 17. hxg5 hxg5 18. O-O-O Rde8 19. Bd3 Qf7 20. Rh6 Ba6
21. Nd2 exd4 22. exd4 Na5 23. Rdh1 Re7 24. Qa4 Re3 25. Rh7 Qe8 26. Qc2 Nf6 27.
R7h6 Kb7 28. Bf2 Rxd3 29. Qxd3 Nd5 30. Re1 Qa4 31. Qc2 Qxa3+ 32. Qb2 Qxb2+ 33.
Kxb2 Nxc4+ 34. Nxc4 Bxc4 35. Be3 g4 36. fxg4 fxg4 37. Rg6 a5 38. Rxg4 a4 39.
Rg3 a3+ 40. Kxa3 {Bacrot,E (2705)-Carlsen,M (2765) Baku 2008 0-1 (62)}) 11. Be2
O-O-O $132 (11... g5 $5 12. Bg3 h5 {[%cal Gh5h4]}) 12. Qc2 g5 13. Bg3 Kb8 14.
Nb3 {[%cal Gc4c5,Ga3a4,Ga4a5]} (14. c5 $5) 14... Nd7 {[%csl Gc5] Surcontrolant
la case sensible "c5"} 15. f3 f5 16. Bf2 {[%cal Ge3e4,Gc4c5]} h5 17. a4 g4 (
17... a5 $5 {[%csl Ra4,Rb6][%cal Gc4c5] Jouable également car le P"a4"
peut-être assez faible mais c'est aussi un affaiblissement de la protection du
K Noir} 18. Rb1 g4 19. c5 $13) 18. h3 $1 d5 19. h4 Qg7 20. a5 g3 21. Bg1 Rhe8
22. axb6 {Suite illisible et gain Blanc au 38ème coup} 1-0

[Event "Donner Memorial"]
[Site "Amsterdam"]
[Date "1996.08.17"]
[Round "1"]
[White "Adianto, Utut"]
[Black "Timman, Jan H"]
[Result "1-0"]
[WhiteElo "2605"]
[BlackElo "2590"]
[Annotator "Mikhalevski,V"]
[PlyCount "89"]
[EventDate "1996.08.17"]
[EventType "tourn"]
[EventRounds "11"]
[EventCountry "NED"]
[EventCategory "16"]
[SourceTitle "CBM 055"]
[Source "ChessBase"]
[SourceDate "1996.12.01"]
[SourceVersion "1"]
[SourceVersionDate "1996.12.01"]
[SourceQuality "1"]

1. d4 {Psakhis Hecht Dautov} Nf6 2. c4 e6 3. Nf3 b6 4. Nc3 Bb4 5. Bg5 Bb7 6. e3
h6 7. Bh4 g5 8. Bg3 Ne4 9. Qc2 Bxc3+ 10. bxc3 d6 11. Bd3 f5 12. d5 Qf6 {
Timman`s idea.He tried it once against Salov in 1988.The second try in this
game wasn`t very successful...} (12... Nc5 {Dautov} 13. h4 g4 14. Nd4) (12...
Nd7 $5 {Psakhis} 13. Bxe4 fxe4 14. Qxe4 Qf6 15. O-O O-O-O 16. Qxe6 Qxe6 17.
dxe6 Nc5 18. Nd2 Rde8 $44 {Soppe,G-Quiroga,F/La Carlota/1995/0,5/46/}) 13. Bxe4
(13. Nd4 $5 {Dautov}) 13... fxe4 14. Qxe4 Qxc3+ 15. Ke2 Qb2+ 16. Nd2 Qf6 17. h4
g4 18. h5 Nd7 (18... Rf8 $5 19. Qxg4 (19. f3 gxf3+ 20. gxf3 Na6 21. Bh4 Qf5 22.
Qxe6+ Qxe6 23. dxe6 Nc5 24. e7 Rf5 25. Rag1 Kd7 26. e4 Rxh5 $13 {
Wichmann-Vancini,Martigny op(88)}) 19... exd5 20. cxd5 Bxd5 $6 (20... Ba6+ $1
21. Nc4 Qb2+ 22. Kd3 Nd7 (22... Qa3+ $2 23. Ke4 $1 $18) 23. Qe6+ Kd8 24. Bh4+
Kc8 25. Rac1 $13) 21. Rac1 $1 $16 Nc6 22. Qa4 $1 Kd7 23. e4 $18) (18... Qf5 {
Psakhis} 19. Qxf5 (19. Qxe6+ $5 Qxe6 20. dxe6 Bc8 $5) 19... exf5 20. e4 O-O 21.
exf5 Nd7 22. Rh4 Rae8+ 23. Kd3 Nf6 $44 {Izeta,F-Garcia Trobat,F/San Sebastian/
1989/0,5/48/}) 19. Bh4 Qf5 20. Qxe6+ Qxe6 21. dxe6 Nc5 22. e7 Kf7 $6 {N} (22...
Bxg2 23. Rhg1 Bh3 24. Rg3 $1 {Black can`t do anything against the threat Rag1,
Kd1 and f3!} Kd7 25. Rag1 Rhg8 26. Kd1 $1 (26. e4 $2 Ne6 27. Ke3 Ng7 $1 $17)
26... Ke6 $8 27. f3 Kf5 28. Kc2 $1 $16) (22... Kd7 23. f3 Rag8 (23... gxf3+ {
Dautov} 24. gxf3 Rag8 25. Rhg1 $1 $14) (23... Rhg8 $146 {Psakhis} 24. e4 Ne6
25. Ke3 c5 26. f4 Nd4 27. f5 $1 $16 {Rogozenko,D-Nguyen,A/Moscow(ol)/1994/1:0/
37/} (27. Rac1 $2 Nc6 $14)) 24. e4 gxf3+ 25. gxf3 Rg2+ 26. Ke3 Rhg8 27. Raf1
Ne6 28. Rf2 Rxf2 29. Kxf2 Nf4 30. Bf6 Bc6 {Salov-Timman/Saint John m/3/1988}
31. Nb3 Ke8 32. Nd4 Bd7 33. Nb5 Kf7 34. Bh4 Rg2+ 35. Ke3 Ne6 36. Nc3 Rc2 (36...
c5 $2 {Timman} 37. Ne2 $1 $16 {Salov-Timman,Saint John(m/3),1988}) 37. Kd3 Rb2
$10 {Timman}) 23. f3 Rag8 (23... gxf3+ 24. Nxf3 Rhg8 25. Rhg1 {/\Raf1+/-
Timman /\Raf1+/- Timman, Inf.45/562  <<af1>>}) 24. Rhg1 gxf3+ (24... Nd7 25.
Raf1 $16) (24... Rg7 $5 {Psakhis} 25. Raf1 gxf3+ 26. gxf3 Rhg8 27. Rxg7+ Rxg7)
25. gxf3 (25. Nxf3 $2 {Dautov} Rg4 26. Raf1 Ke8 $17 {><c4,g2,e4}) 25... Nd7 $2
{/\Ne5-c6-e7} (25... Ne6 $142 $1 {With the idea Ng7} 26. Rxg8 Rxg8 27. Kf2 Nc5
$1 (27... Ng7 28. Rg1 Rh8) 28. e4 Nd3+ 29. Ke3 Ne5 {And black is OK}) (25... d5
{Dautov /^ a6-f1} 26. Nb3 Ba6 (26... Nd7 27. cxd5 Bxd5 28. Nd4 $16 {/\Nf5}) 27.
Nxc5 bxc5 28. Kd2 Bxc4 29. f4 $16 {/\f5,Rg6}) 26. f4 $16 Nf6 $2 {Blunder in
the difficult position} (26... Nb8 $5) (26... Bc6 $5 {Dautov /\Nf6} 27. Nf3 (
27. e4 Nf6 28. Bxf6 Kxf6 $10) 27... Nf6 28. Nd4 Bd7 (28... Be4 29. Nb5) 29. Nb5
Bxb5 30. cxb5 Nxh5 31. Kf3 Nf6 32. Rxg8 Rxg8 33. Rc1 Re8 34. Rxc7 Rxe7 35. Rc6
Rd7 36. e4 $16) 27. Bxf6 Kxf6 28. Rxg8 Rxg8 29. Rg1 {<->g} Rh8 30. e8=Q $1 {
The rest is clear.} Rxe8 {[#] Hecht: Total ausgereiztes schwarzes Gegenspiel
bei eimem Minusbauern mit Freibauernbildung scheitert an zu starker weißer
Zentralposition} 31. Rg6+ Kf5 (31... Kf7 {Psakhis} 32. Rxh6 Re7 33. Kd3 $16)
32. Rxh6 $18 (32. Nf1 $1 $18 {Psakhis}) 32... d5 (32... Re7 {Dautov} 33. Rg6
$16 {/\Rg5} (33. Rg6 {Psakhis} Rh7 34. Rg5+ Kf6 35. Kd3)) 33. cxd5 (33. Rh7 $2
{Dautov} d4 $132) 33... Bxd5 34. a3 a5 (34... Rg8 {Dautov} 35. Rh7 $16) 35. Rg6
c6 (35... Bf7 {Psakhis} 36. e4+ $1 Rxe4+ 37. Nxe4 Kxe4 38. Rg5 Kxf4 39. h6) 36.
Nf3 (36. Rg5+ $5 Kf6 37. e4 $1 Bxe4 38. Re5 $1) 36... b5 37. Rg5+ (37. Nd4+ {
Psakhis} Ke4 38. Nxc6 Rc8 39. Nxa5 Rc2+ 40. Kd1 Rh2) 37... Kf6 (37... Ke4 $2
38. Nd2#) 38. Ne5 {/\Nc6} b4 (38... Rc8 {Dautov} 39. Nd7+ Ke6 40. Nb6 Rh8 41.
Nxd5 cxd5 42. e4 dxe4 43. Rxb5 $18) (38... Ke7 {Dautov} 39. Kd3 Kd6 40. e4 Be6
41. Rg6 $18) 39. axb4 a4 (39... axb4 40. Nxc6 Bxc6 41. Rg6+ Kf5 42. Rxc6 Rb8
43. Kf3 b3 44. e4#) 40. Nxc6 Bc4+ 41. Kd2 a3 42. Ra5 a2 43. Nd4 Bd5 44. Nc2 Rc8
45. b5 1-0

[Event "Leeuwarden op"]
[Site "Leeuwarden"]
[Date "1995.??.??"]
[Round "8"]
[White "Mikhalevski, Victor"]
[Black "Ligterink, Gert"]
[Result "1/2-1/2"]
[WhiteElo "2495"]
[BlackElo "2440"]
[Annotator "Mikhalevski,V"]
[PlyCount "97"]
[EventDate "1995.08.??"]
[EventType "swiss"]
[EventRounds "9"]
[EventCountry "NED"]
[SourceTitle "EXT 1997"]
[Source "ChessBase"]
[SourceDate "1996.11.15"]
[SourceVersion "1"]
[SourceVersionDate "1996.11.15"]
[SourceQuality "1"]

1. d4 Nf6 2. c4 e6 3. Nf3 b6 4. Nc3 Bb4 5. Bg5 Bb7 6. e3 h6 7. Bh4 Bxc3+ 8.
bxc3 d6 9. Nd2 g5 10. Bg3 Qe7 11. h4 Rg8 12. hxg5 hxg5 13. c5 $1 dxc5 14. Bb5+
$1 Bc6 $6 (14... Kf8 15. a4 $5 (15. Rh2 $5) 15... Bxg2 16. Rh2 Bb7 (16... Bd5
17. a5 a6 18. axb6 $1 cxb6 (18... axb5 19. Rxa8 Bxa8 20. bxc7 $18) 19. Bd3 (19.
Nc4 $2 Ne4 $1 (19... Bxc4 20. Bxc4 $16) 20. Nxb6 axb5 (20... Nxc3 21. Qh5 $1
$16) 21. Nxa8 (21. Rxa8 Bxa8 22. Bxb8 Qb7 23. Qa1 $1 Ke7 $1 $17) 21... Nxg3 22.
fxg3 Qd6 23. Kf2 Rg6 $1 $17) 19... b5 20. c4 $1 bxc4 21. Nxc4 Bxc4 22. Bxc4 $16
) 17. a5 a6 18. axb6 $1 cxb6 19. Bd3 {/\20.Nc4} b5 20. dxc5 $1 Qxc5 21. Nb3 $1
Qb6 (21... Qxc3+ 22. Kf1 $40) (21... Qe7 22. Bh7 $1 $18) 22. Bh7 $1 Nxh7 (22...
Rh8 23. Bd6+ Kg7 24. Be5 Nc6 25. Qh5 $3 $18) 23. Rxh7 Ke8 $8 24. Qh5 Rg6 25.
Rd1 $18) 15. Bxc6+ (15. Qf3 $1 Nd5 $8 (15... Kd7 16. Nc4 $18) 16. Bxc6+ Nxc6
17. c4 g4 (17... Ndb4 $2 18. a3 g4 19. Qd1 Na6 20. Qa4 $1 Nab8 21. d5 $18) 18.
Qd1 Nf6 (18... Nc3 19. Qc1 $1 cxd4 20. exd4 Na4 $8 (20... Qb4 21. a3 Qa5 22.
Nb3 $18) 21. Qc2 $1 Qb4 22. Qe4 Kd7 23. d5 Ne7 $8 24. dxe6+ fxe6 25. O-O $1 $16
) 19. Qa4 $1 (19. Bh4 O-O-O $1 20. Ne4 Rh8 $1) 19... Qd7 (19... Kd7 20. Bh4 {
/\21.d5}) 20. Bh4 Nxd4 $5 (20... Rh8 21. O-O-O $16) 21. Qxd7+ Nxd7 22. exd4
cxd4 23. Ne4 $1 $16 {/\24.Nf6}) 15... Nxc6 16. Qf3 Kd7 (16... Nd5 17. c4 {
See 15.Qf3}) 17. dxc5 (17. Rh6 $1 Rg6 (17... Nd5 18. c4 g4 19. Qd1 $1 Nc3 20.
Qc2 cxd4 21. exd4 Qa3 (21... Qb4 22. a3 Qa5 23. Nb3 Qg5 24. Rh7 $18) 22. Nb3
Na4 23. d5 $18) 18. Rxg6 fxg6 19. dxc5 Rf8 $1 20. Nb3 Nd5 (20... g4 21. O-O-O+
Nd5 22. Qxg4 $16) 21. Qe4 Qf6 22. Rd1 (22. O-O-O Qxc3+ 23. Kb1 Ncb4 24. Be5 Kc8
$3 $19) 22... Qxc3+ 23. Kf1 Rf5 (23... Nce7 24. Be5 Nf5 $1 25. Kg1 $1 $18 (25.
Rxd5+ exd5 26. Qxd5+ Ke7 27. Bxc3 Nxe3+ $19)) 24. Kg1 $1 $16) 17... g4 18. Qd1
(18. Qf4 $5 Nd5 19. Qe4 $1 $40) 18... Kc8 $1 (18... Rh8 $2 19. Nf1+ $1 Nd5 20.
Rxh8 Rxh8 21. c4 $18) 19. Bh4 Rh8 (19... Kb7 20. Ne4 Rh8 21. Nxf6 Qxf6 22. Bxf6
Rxh1+ 23. Ke2 Rxd1 24. Rxd1 $14) 20. Qa4 Kb7 (20... Qxc5 21. Ke2 $1 Nd7 (21...
Nd5 22. Ne4 b5 23. Qa6+ $18) 22. Nb3 $1 Qd5 23. e4 Qd6 24. Bg3 $18) 21. O-O-O
Rxh4 $6 (21... Rad8 $1 22. Bxf6 $1 (22. g3 $2 Qxc5 $1 23. Bxf6 Rxh1 24. Rxh1
Rxd2 $1 $17) 22... Qxf6 23. Ne4 $10) 22. Rxh4 Nd5 23. Rdh1 $8 Nxc3 24. Qc4 Qf6
25. Rh6 Qg7 (25... Qe5 $5 26. R1h5 Qg7) 26. a3 {/\27Kc2} (26. Kc2 $2 Nxa2 $1)
26... b5 (26... Rd8 27. Kc2 Nd5 $44 {/\g3}) 27. Qb3 a6 $6 (27... Na5 28. Qb2
Rd8 29. Nb1 $1 (29. Kc2 $2 Rxd2+ $1 $19) (29. Ne4 Ne2+ $1 (29... Rd3 $2 30. Kc2
Nc4 31. Qa1 $1 $18) 30. Kb1 (30. Qxe2 Qa1+ 31. Kc2 Qa2+ $19) 30... Qxb2+ 31.
Kxb2 g3 $1 $13) 29... Ne2+ $1 (29... Rd3 $2 30. Kc2 Nc4 31. Qb3 (31. Qa1 Qe5 $1
32. Kxd3 Qe4+ 33. Kxc3 Qe5+ $19) 31... Na5 (31... Nxb1 32. Qxb5+ Kc8 33. Rh8+
Rd8 34. Rxd8+ Kxd8 35. Rd1+ Ke7 (35... Ncd2 36. Qxb1 $1 $18) (35... Nbd2 36.
Qxc4 $1 $18) 36. Qd7+ Kf6 37. Kxb1 $18) 32. Qb4 $1 Nc6 33. Qb2 $1 $18) 30. Qxe2
(30. Kc2 Qxb2+ 31. Kxb2 g3 $1 $13) 30... Nb3+ 31. Kc2 Na1+ $10) 28. Qb2 Rg8 $2
(28... Ka7 $3 29. Rh7 $1 Qe5 30. R1h5 $1 Qf6 (30... f5 31. Nc4 $1 Qxc5 (31...
bxc4 32. Qb6#) (31... Ne2+ 32. Qxe2 $1 Qa1+ 33. Kc2 bxc4 34. Rxc7+ Kb8 35. Rxc6
$18) 32. Rxc7+ Kb8 33. Rf7 $1 $18) 31. R5h6 $1 (31. R7h6 Qg7 32. Ne4 b4 $1 33.
Rh7 (33. axb4 Nxb4 $1 $19) 33... Ne2+ $3 34. Kb1 (34. Qxe2 Qa1+ $19) 34... Qg6
$1 35. Qxe2 Qxe4+ 36. Qc2 Qxg2 $40) 31... Qe5 32. Kc2 b4 $1 33. axb4 Rb8 34.
Nc4 $1 Nxb4+ 35. Qxb4 Qf5+ 36. Kxc3 Rxb4 37. Kxb4 $16) 29. Kc2 $22 Na4 30. Qxg7
$16 Rxg7 31. R1h5 $6 (31. Rh7 $1 Rxh7 (31... Rg5 32. R1h5) 32. Rxh7 f5 (32...
Ne5 33. Rh5 f5 (33... Nd7 34. Nb3 Kc6 $4 35. Na5#) 34. e4 $1 g3 $1 (34... Ng6
35. exf5 Nf4 36. f6 $1 $18) (34... Nc6 35. Nb3 $1 $16) 35. f3 $1 Nc6 36. Nb3
fxe4 37. fxe4 $18) 33. Nb3 $18) 31... Rg8 $1 32. Rh7 $6 (32. Rf6 $1 $16) 32...
f5 33. Nb3 Rd8 $1 $132 34. Rg7 Rd5 35. Rhh7 Nxc5 36. Rxc7+ Kb6 37. Nxc5 Rxc5+
38. Kb2 g3 $1 {><g2,e3} 39. f4 $1 Na5 $1 40. Rce7 $5 (40. Rxc5 Kxc5 41. Kc3 $1
Nc4 42. Kd3 $14) 40... Nc4+ 41. Ka2 Nd2 $1 (41... Rc6 42. Rh6 $1 Nxe3 $2 43.
Rexe6 $18) 42. Rxe6+ Ka5 43. Kb2 $1 (43. Ra7 $2 Rc2+ 44. Ka1 Ka4 45. Raxa6+ Kb3
$19) 43... Nc4+ 44. Kc3 $1 Nxa3+ (44... Nxe3+ 45. Kd4 $18) 45. Kb3 Nc4 (45...
b4 $2 46. Re5 $18) 46. Rd7 $1 b4 $1 $8 (46... Nb6 $2 47. Rdd6 $18) (46... Rc8
$2 47. Rd1 $1 b4 48. Rd5+) 47. Re8 $6 (47. Ree7 $1 Kb5 $1 $8 (47... Nb6 48. Rc7
Rd5 49. Re5 $18) 48. Rb7+ Ka5 49. Red7 $1 (49. Rxb4 Nd2+ 50. Ka3 Rc3+ 51. Kb2
Kxb4 52. Rb7+ Kc4 53. Rc7+ Kd3 54. Rxc3+ Ke4 {/\Nf1}) 49... Nxe3 $1 (49... Nb6
$2 50. Rd3 $8 Nc4 $1 51. e4 $3 (51. Rxb4 Nd2+ $1 52. Rxd2 Rc3+ $3 53. Kxc3 $10)
51... fxe4 52. Rd4 Ne3 53. Rdxb4 Rb5 54. R7xb5+ axb5 55. Rxe4 Nxg2 56. f5 $18)
50. Rxb4 Rb5 51. Rxb5+ Kxb5 $1 52. Rd2 $14) 47... Nb6 48. Rc7 $3 Rxc7 (48...
Rd5 49. Re5 $18) 49. Re5+ {[Mikhalevski,V]} 1/2-1/2

[Event "RUS-ch"]
[Site "Elista"]
[Date "1995.??.??"]
[Round "6"]
[White "Zvjaginsev, Vadim"]
[Black "Solozhenkin, Evgeniy"]
[Result "1-0"]
[WhiteElo "2600"]
[BlackElo "2515"]
[Annotator "Nikitin,A"]
[PlyCount "61"]
[EventDate "1995.10.??"]
[EventType "swiss"]
[EventRounds "11"]
[EventCountry "RUS"]
[SourceTitle "CBM 050"]
[Source "ChessBase"]
[SourceDate "1996.02.01"]
[SourceVersion "1"]
[SourceVersionDate "1996.02.01"]
[SourceQuality "1"]

1. d4 Nf6 2. c4 e6 3. Nf3 b6 4. Nc3 Bb4 5. Bg5 Bb7 6. e3 h6 7. Bh4 Bxc3+ 8.
bxc3 d6 9. Nd2 g5 10. Bg3 Qe7 (10... Nbd7 11. h4 Ke7 12. Rh2 Qg8 13. Bd3 Qg7
14. Qe2 Rae8 15. O-O-O Kd8 $13 {Notkin,M-Brodsky,M/Groningen/1994/1-0/38/}) 11.
c5 {N/} (11. h4 Rg8 12. hxg5 hxg5 13. c5 dxc5 14. Bb5+ Bc6 15. Bxc6+ Nxc6 16.
Qf3 Kd7 17. dxc5 g4 18. Qd1 Kc8 19. Bh4 Rh8 20. Qa4 Kb7 21. O-O-O Rxh4 22. Rxh4
Nd5 23. Rdh1 Nxc3 24. Qc4 $14 {Mikhalevsky,V-Ligterink,G/Leeuwarden/1995/0,5/
49/}) 11... dxc5 12. Bb5+ Kf8 $6 (12... Bc6 13. Bxc6+ Nxc6 14. Qf3 Kd7 15. dxc5
g4 16. Qf4 Nd5 17. Qxg4 Qxc5 18. O-O $16) (12... Nbd7 13. h4 O-O-O $13) 13. O-O
$1 (13. h4 Kg7 14. hxg5 hxg5 15. Rxh8 Kxh8 16. Be5 Kg8 17. Nf3 Ne4 $17) 13...
h5 $2 (13... Ne4 14. Nxe4 Bxe4 15. Qa4 $146) 14. e4 $1 Nxe4 (14... h4 15. Be5
Rg8 16. dxc5 Nc6 17. Bxf6 Qxf6 18. Qa4 Ne7 19. c6 $16) 15. Nxe4 Bxe4 16. Re1
Bb7 17. h3 $146 Nc6 18. d5 Rd8 19. Qa4 Na5 20. dxe6 fxe6 21. Rad1 $1 Rd5 22.
Be5 Rh6 23. Rxd5 Bxd5 24. c4 Bb7 25. Rd1 $1 a6 26. Bxa6 $1 Bc6 (26... Bxa6 27.
Rd7 Qe8 28. Qd1 Nc6 29. Bg7+ $18) 27. Bb5 Bxb5 28. cxb5 c4 (28... Kf7 29. Qe4)
29. Bc3 Kf7 30. Bxa5 bxa5 31. b6 1-0